| 000 | 00789nam a2200277 a 4500 | ||
|---|---|---|---|
| 001 | 56615 | ||
| 003 | BD-RjUL | ||
| 005 | 20211209080421.0 | ||
| 008 | 161202s1969 enk 001 0 eng | ||
| 020 | _a071006098X | ||
| 035 | _a(BD-RjUL)56739 | ||
| 040 |
_aDLC _cDLC _dBD-RjUL _beng |
||
| 041 | _aeng | ||
| 082 | 0 | 0 |
_a100 _223 _bBUS 1969 |
| 245 | 1 | 4 |
_aThe business of reason / _cedited by J. J. MacIntosh and S. Coval. |
| 260 |
_aLondon : _bRoutledge & K. Paul, _cc1969. |
||
| 300 |
_aix, 267 p. ; _c23 cm. |
||
| 350 | _a42/- | ||
| 490 | 0 | _aInternational library of philosophy and scientific method | |
| 500 | _aInclude index | ||
| 650 | 0 |
_aPhilosophy. _9168405 |
|
| 700 | 1 |
_aMacIntosh J. J. _9168406 |
|
| 700 | 1 |
_aCoval, S. C. _9168407 |
|
| 942 |
_2ddc _cBK |
||
| 999 |
_c56615 _d56615 |
||